Declaraciones y recomendaciones de Estocolmo

Αποθηκεύτηκε σε:
Λεπτομέρειες βιβλιογραφικής εγγραφής
Μορφή: Κείμενο
Θέματα:
Ετικέτες: Προσθήκη ετικέτας
Δεν υπάρχουν, Καταχωρήστε ετικέτα πρώτοι!

MARC

LEADER 00000 a a2200000 04500
001 2351
003
040
245 |a Declaraciones y recomendaciones de Estocolmo  
650 |a ACUERDOS INTERNACIONALES  
650 |a ORGANIZACIONES NO GUBERNAMENTALES  
650 |a SOCIEDAD CIVIL  
650 |a DERECHOS HUMANOS  
650 |a POLITICA  
650 |a ESTADO  
773 |g volumen 18, número 2; páginas 30-31  
999 |c 32833  |d 32833